| 000 | 00623pam a2200217 a 4500 | ||
|---|---|---|---|
| 001 | 3505849 | ||
| 005 | 20180308034557.0 | ||
| 008 | 950518s1996 njua 001 0 eng | ||
| 010 | _a 95022506 | ||
| 020 | _a0133494578 | ||
| 040 |
_aDLC _cDLC _dDLC |
||
| 041 | _aeng | ||
| 080 | _a651.3 ZAN | ||
| 082 | 0 | 0 |
_a651.3 ZAN _220 |
| 100 | 1 | _a54 | |
| 101 | _aMAN | ||
| 245 | 1 | 0 |
_aAdministrative office management : _cZane K. Quible. |
| 906 |
_a7 _bcbc _corignew _d1 _eocip _f19 _gy-gencatlg |
||
| 942 |
_2ddc _cBK |
||
| 999 |
_c44388 _d44388 |
||